000 00338nam a22001337a 4500
020 _a9780409329186
082 _a346.022
_bWIS
100 _aWiseman, Leanne
245 _aContracts /
_cLeanne Wiseman and et all
260 _aAustralia:
_bLexisNexis Butterworths,
_c2012.
300 _a458 p.
563 _aPB.
942 _2ddc
_cBK
999 _c614100
_d614100